<?xml version="1.0" encoding="UTF-8"?>
<record
    xmlns:xsi="http://www.w3.org/2001/XMLSchema-instance"
    xsi:schemaLocation="http://www.loc.gov/MARC21/slim http://www.loc.gov/standards/marcxml/schema/MARC21slim.xsd"
    xmlns="http://www.loc.gov/MARC21/slim">

  <leader>00637nam a2200157   4500</leader>
  <controlfield tag="001">13926</controlfield>
  <controlfield tag="005">20250904154912.0</controlfield>
  <datafield tag="010" ind1=" " ind2=" ">
    <subfield code="a">9791042410797</subfield>
  </datafield>
  <datafield tag="090" ind1=" " ind2=" ">
    <subfield code="a">13926</subfield>
  </datafield>
  <datafield tag="099" ind1=" " ind2=" ">
    <subfield code="o">0</subfield>
  </datafield>
  <datafield tag="100" ind1=" " ind2=" ">
    <subfield code="a">20250904d        u||y0frey50      ba</subfield>
  </datafield>
  <datafield tag="200" ind1=" " ind2=" ">
    <subfield code="a">Un monde parfait</subfield>
    <subfield code="b">LIVR</subfield>
  </datafield>
  <datafield tag="214" ind1=" " ind2=" ">
    <subfield code="c">Le Trouve Feuille</subfield>
  </datafield>
  <datafield tag="323" ind1=" " ind2=" ">
    <subfield code="a">ind&#xE9;fini</subfield>
  </datafield>
  <datafield tag="330" ind1=" " ind2=" ">
    <subfield code="a">Sommes-nous encore aujourd'hui ?
Sommes-nous d&#xE9;j&#xE0; demain ?
Est-ce bien notre monde ?
Que faire pour qu'il reste habitable?
Est-ce une farce, une trag&#xE9;die ?
Et le th&#xE9;&#xE2;tre, l&#xE0;-dedans ?
Quel est son r&#xF4;le ?
Peut-&#xEA;tre juste
De jouer, de regarder, d'&#xE9;couter ensemble
Et ce n'est pas rien.</subfield>
  </datafield>
  <datafield tag="610" ind1=" " ind2=" ">
    <subfield code="a">Distopie</subfield>
  </datafield>
  <datafield tag="995" ind1=" " ind2=" ">
    <subfield code="2">0</subfield>
    <subfield code="5">2025-09-04</subfield>
    <subfield code="9">13817</subfield>
    <subfield code="c">JOL</subfield>
    <subfield code="f">JOL-007625</subfield>
    <subfield code="k">TH VIO X</subfield>
    <subfield code="o">0</subfield>
    <subfield code="b">JOL</subfield>
    <subfield code="r">LIVR</subfield>
  </datafield>
</record>
